BIBLIOTECA

SENCICO

Motores a diésel : Nivel 1 : Manual del participante (Registro nro. 3289)

Detalles MARC
000 -LEADER
fixed length control field 00735nam a2200181Ia 4500
005 - DATE AND TIME OF LATEST TRANSACTION
control field 20251020182609.0
008 - FIXED-LENGTH DATA ELEMENTS--GENERAL INFORMATION
fixed length control field 200515s9999 xx 000 0 und d
082 ## - DEWEY DECIMAL CLASSIFICATION NUMBER
Classification number SC/621.436/F39-MP
110 ## - MAIN ENTRY--CORPORATE NAME
Corporate name or jurisdiction name as entry element Instituto de Capacitación de la Industria de la Construcción
245 #0 - TITLE STATEMENT
Title Motores a diésel : Nivel 1 : Manual del participante
260 ## - PUBLICATION, DISTRIBUTION, ETC.
Place of publication, distribution, etc. México, D.F.
260 ## - PUBLICATION, DISTRIBUTION, ETC.
Date of publication, distribution, etc. s.a.
300 ## - PHYSICAL DESCRIPTION
Extent 57
520 ## - SUMMARY, ETC.
Summary, etc. Señala las bases de como seleccionar la información escrita de acuerdo al equipo y necesidades de información, las características que deben reunir los aceites para motor, así como los componentes del motor y sus sistemas, además de explicar brevemente el
650 ## - SUBJECT ADDED ENTRY--TOPICAL TERM
Topical term or geographic name entry element MOTORES
650 ## - SUBJECT ADDED ENTRY--TOPICAL TERM
Topical term or geographic name entry element PUB ICIC
942 ## - ADDED ENTRY ELEMENTS (KOHA)
Koha item type Libros
Existencias
Fecha de la última vez que lo usaron Pago total Signatura topográfica completa Código de barras Precio efectivo desde Tipo de documento Estado perdido Estado dañado No es para préstamo Retirado Ubicación permanente Ubicación actual Fecha de adquisición
15/05/2020   SC/621.436/F39-MP Bib-Lima15053289 15/05/2020 Libros         Biblioteca Central Lima Biblioteca Central Lima 15/05/2020